000 00619cam a22002173a 4500
001 35222
003 PGUSA
005 20140828083747.0
008 110209s2011||||xxu|||||s|||||000 | eng d
040 _aPGUSA
_beng
042 _adc
100 1 _aSumner, Charles,
_d1811-1874
245 1 0 _aWhite Slavery in the Barbary States
_h[electronic resource] /
_cCharles Sumner
260 _bProject Gutenberg,
_c2011
506 _aPublic domain in the USA.
516 _aElectronic text
700 1 _aBillings, E. R.
830 0 _aProject Gutenberg
_v35222
856 4 0 _uhttp://www.gutenberg.org/ebooks/35222
942 _cEB
999 _c264477
_d264477